An introduction to transport phenomena in materials engineering (Record no. 590195)
[ view plain ]
| 000 -LEADER | |
|---|---|
| fixed length control field | 00307nam a22001217a 4500 |
| 040 ## - CATALOGING SOURCE | |
| Transcribing agency | SCME |
| 100 ## - MAIN ENTRY--PERSONAL NAME | |
| Personal name | David R.Gaskell |
| 9 (RLIN) | 54515 |
| 245 ## - TITLE STATEMENT | |
| Title | An introduction to transport phenomena in materials engineering |
| 250 ## - EDITION STATEMENT | |
| Edition statement | 2nd. |
| 260 ## - PUBLICATION, DISTRIBUTION, ETC. | |
| Place of publication, distribution, etc. | New Jersy |
| Name of publisher, distributor, etc. | Momentum press |
| 300 ## - PHYSICAL DESCRIPTION | |
| Extent | 660p. |
| 942 ## - ADDED ENTRY ELEMENTS (KOHA) | |
| Source of classification or shelving scheme | |
| Koha item type | Book |
| Withdrawn status | Lost status | Source of classification or shelving scheme | Damaged status | Not for loan | Permanent Location | Current Location | Date acquired | Total Checkouts | Full call number | Barcode | Date last seen | Price effective from | Koha item type |
|---|---|---|---|---|---|---|---|---|---|---|---|---|---|
| School of Chemical & Materials Engineering (SCME) | School of Chemical & Materials Engineering (SCME) | 06/27/2022 | 620.1129 G248A | SCME-4816 | 06/27/2022 | 06/27/2022 | Book |
